Pokemon de A-Z Gen 1 - Statistiques

Statistiques générales
  • Ce quiz a été pris 77 fois
  • Le résultat moyen est 16 sur 19
Statistiques - réponses
Lettre Type 1 Type 2 Stage Réponse % Correct
A Poison . 1/2 Abo
92%
E Spectre Poison 3/3 Ectoplasma
92%
D Dragon Vol 3/3 Dracolosse
89%
I Insecte Vol 1/2 (Depuis Gen 2) Insécateur
89%
M Électrik Acier 1/3 (Depuis Gen 4) Magnéti
88%
O Roche Sol 1/2 (Depuis Gen 2) Onix
88%
P Insecte Vol 3/3 Papilusion
88%
R Électrik . 3/3 (Depuis Gen 2) Raichu
88%
B Plante Poison 2/3 Boustiflor
86%
F Feu . 2/2 Feunard
86%
G Normal Fée 3/3 (Depuis Gen 2) Grodoudou
86%
L Glace Psy 2/2 (Depuis Gen 2) Lippoutou
86%
C Combat . 2/3 (Depuis Gen 9) Colossinge
84%
K Roche Eau 1/2 Kabuto
83%
N Poison Sol 3/3 Nidoqueen
83%
H Plante Poison 2/3 Herbizarre
80%
V Électrik . 2/2 Voltali
72%
S Eau Psy 2/2 Staross
70%
T Normal . 1/1 Tauros
70%
Aucun quiz correspondant
Distribution des résultats
% des personnes avec chaque résultat
Percentile par nombre de réponses
Votre historique - résultats
Vous n’avez pas pris ce quiz